000 00318nam a2200133Ia 4500
008 191201s2019 xx 000 0 und d
082 _a536
100 _aLAKHTIN, Yu
245 0 _aEngineering Physical Metallurgy and Heat Treatment
260 _aMoscow
_bMirpub
300 _a413
650 _aApplied
942 _2ddc
_cBK
999 _c590
_d590